[Event "Bled Olympiad"]
[Site "Bled SLO"]
[Date "2002.11.02"]
[EventDate "2002.10.26"]
[Round "8"]
[Result "0-1"]
[White "Roland Berzinsh"]
[Black "Saad Abdullah Sarsam"]
[WhiteElo "2472"]
[BlackElo "2409"]
[PlyCount "112"]

1. e4 e6 2. d4 d5 3. Nc3 Nf6 4. Bg5 Bb4 5. e5 h6 6. Be3 Ne4
7. Nge2 c5 8. dxc5 Nd7 9. a3 Nxc3 10. Nxc3 Bxc5 11. Bxc5 Nxc5
12. Qd4 Nd7 13. Bb5 O-O 14. Bxd7 Bxd7 15. O-O Qa5 16. Qb4 Qxb4
17. axb4 Rfc8 18. Rfc1 Rc4 19. Na2 a5 20. c3 axb4 21. Nxb4
Rxa1 22. Rxa1 d4 23. Rc1 dxc3 24. bxc3 Bb5 25. Nd3 Rc7 26. Nb2
g5 27. f3 Rc5 28. c4 Ba6 29. Kf2 Kf8 30. h4 Rxe5 31. Nd3 Ra5
32. hxg5 hxg5 33. Nb4 Ke7 34. c5 Ra4 35. Nxa6 bxa6 36. Rb1
Ra2+ 37. Kg3 f5 38. Rb7+ Kf6 39. c6 f4+ 40. Kh3 Ra1 41. Kh2
Rc1 42. Rb6 g4 43. fxg4 a5 44. Ra6 Rc5 45. g3 f3 46. c7 Rxc7
47. Rxa5 Rc2+ 48. Kg1 e5 49. Kf1 Re2 50. Ra8 e4 51. Rf8+ Ke5
52. g5 Rg2 53. Re8+ Kd4 54. Rd8+ Ke3 55. g6 Rxg3 56. Rd6 Rh3
0-1

[Event "Bled Olympiad"]
[Site "Bled SLO"]
[Date "2002.11.02"]
[EventDate "2002.10.26"]
[Round "8"]
[Result "1/2-1/2"]
[White "Alexander Baburin"]
[Black "Rafael Duailibe Leitao"]
[WhiteElo "2580"]
[BlackElo "2548"]
[PlyCount "47"]

1. d4 d5 2. c4 c6 3. Nc3 Nf6 4. e3 a6 5. Bd3 Bg4 6. Nge2 e6
7. h3 Bh5 8. O-O Bg6 9. b3 Nbd7 10. Qc2 b5 11. Bxg6 hxg6
12. e4 dxe4 13. Nxe4 Be7 14. Bf4 O-O 15. Rfd1 Nxe4 16. Qxe4
Qb6 17. Be3 Qb7 18. Rac1 Rac8 19. Nf4 Rfe8 20. h4 Ba3 21. Rb1
e5 22. dxe5 Nxe5 23. Qc2 Qe7 24. g3 1/2-1/2

[Event "Bled Olympiad"]
[Site "Bled SLO"]
[Date "2002.11.02"]
[EventDate "2002.10.26"]
[Round "8"]
[Result "1/2-1/2"]
[White "Cicero Nogueira Braga"]
[Black "Sam E Collins"]
[WhiteElo "2415"]
[BlackElo "2372"]
[PlyCount "92"]

1. e4 c5 2. d3 Nc6 3. g3 d5 4. Nd2 Nf6 5. Bg2 e5 6. Ngf3 Be7
7. O-O O-O 8. exd5 Nxd5 9. Re1 f6 10. c3 Nc7 11. Nb3 Ne6
12. Be3 f5 13. Qe2 a5 14. d4 cxd4 15. cxd4 e4 16. Ne5 Nexd4
17. Qc4+ Be6 18. Nxc6 Bxc4 19. Nxd8 Nxb3 20. axb3 Bd5 21. Nxb7
Bxb7 22. Bd2 Bd8 23. Bf1 Bb6 24. Bc4+ Kh8 25. b4 axb4 26. Bxb4
e3 27. fxe3 Rxa1 28. Rxa1 Re8 29. Re1 Re4 30. b3 f4 31. gxf4
Rxf4 32. Bd2 h5 33. Rf1 Rg4+ 34. Kf2 Bc7 35. h3 Rg2+ 36. Ke1
Be4 37. Rf8+ Kh7 38. Bf1 Bg3+ 39. Kd1 Rg1 40. Ke2 Bb7 41. Be1
Bd6 42. Rd8 Bc5 43. Kf2 Bxe3+ 44. Kxe3 Rxf1 45. Bc3 Rf3+
46. Kd2 Rxh3 1/2-1/2

[Event "Bled Olympiad"]
[Site "Bled SLO"]
[Date "2002.11.02"]
[EventDate "2002.10.26"]
[Round "8"]
[Result "1-0"]
[White "Primoz Soln"]
[Black "Bin-Sattar Reefat"]
[WhiteElo "2405"]
[BlackElo "2448"]
[PlyCount "71"]

1. d4 e6 2. Nf3 d5 3. c4 c6 4. Nc3 dxc4 5. Bg5 f6 6. Bf4 b5
7. e4 a6 8. Be2 Ne7 9. O-O Ng6 10. Be3 Be7 11. a4 Bb7 12. Qb1
O-O 13. b3 f5 14. bxc4 f4 15. Bc1 b4 16. c5 a5 17. Qb3 Kh8
18. Rd1 Ba6 19. Bxa6 Nxa6 20. Ne2 Qc8 21. Bb2 e5 22. Rac1 Qg4
23. h3 Qh5 24. Qe6 Rae8 25. Qxc6 Nh4 26. Rd3 Nb8 27. Qb5 Qg6
28. Nxh4 Qxe4 29. Rf3 Bxh4 30. c6 Rc8 31. c7 Nd7 32. dxe5 Nb6
33. Nd4 Nd5 34. Ne6 Rfe8 35. Qxe8+ Rxe8 36. c8=Q 1-0

[Event "Bled Olympiad"]
[Site "Bled SLO"]
[Date "2002.11.02"]
[EventDate "2002.10.26"]
[Round "8"]
[Result "0-1"]
[White "Marco Pacheco"]
[Black "Cerdas Barus"]
[WhiteElo "2284"]
[BlackElo "2479"]
[PlyCount "98"]

1. d4 Nf6 2. Nf3 e6 3. c4 b6 4. g3 Ba6 5. b3 Bb7 6. Bg2 Bb4+
7. Bd2 a5 8. O-O O-O 9. Nc3 d6 10. Qc2 Nbd7 11. Rad1 Bxc3
12. Bxc3 Be4 13. Qc1 c6 14. Bh3 Re8 15. Nd2 Bg6 16. Rfe1 d5
17. a4 Nb8 18. Bg2 Na6 19. Qb2 h6 20. e4 Re7 21. e5 Ne8
22. Nf1 Nec7 23. Ne3 Rd7 24. f4 Nb4 25. Bxb4 axb4 26. g4 Qh4
27. cxd5 Nxd5 28. Bxd5 cxd5 29. f5 Bh7 30. Qf2 Qd8 31. f6 Rc8
32. g5 h5 33. Qe2 Bg6 34. Qb5 Rc3 35. Qxb4 Qc7 36. Kf2 Rd8
37. Qe7 Rc8 38. Qb4 Kh7 39. Rd2 Be4 40. Rg1 Rg8 41. fxg7 Kxg7
42. h4 Rc8 43. Rb2 Rc1 44. Qd2 Rc3 45. Rd1 Qe7 46. Qe2 Qa3
47. Ra2 Qxb3 48. Rb2 Qxa4 49. Qxh5 Rxe3 0-1

[Event "Bled Olympiad"]
[Site "Bled SLO"]
[Date "2002.11.02"]
[EventDate "2002.10.26"]
[Round "8"]
[Result "1/2-1/2"]
[White "Richard S Jones"]
[Black "Rafael Emilio Espinosa Flores"]
[WhiteElo "2063"]
[BlackElo "2414"]
[PlyCount "86"]

1. e4 c5 2. Nc3 Nc6 3. g3 g6 4. Bg2 Bg7 5. d3 d6 6. Be3 Nf6
7. h3 Rb8 8. f4 Nd4 9. Nf3 e5 10. g4 h5 11. fxe5 dxe5 12. g5
Nh7 13. h4 b6 14. Nd5 Be6 15. c3 Bxd5 16. cxd4 cxd4 17. exd5
dxe3 18. Qa4+ b5 19. Qxa7 O-O 20. Qxe3 Qxd5 21. O-O Rfd8
22. Rae1 Qxa2 23. Nxe5 Qxb2 24. Qf4 Bxe5 25. Rxe5 Qd4+ 26. Kh2
Qxf4+ 27. Rxf4 Rxd3 28. Re7 Rf8 29. Rb4 Rfd8 30. Rxb5 R3d4
31. Be4 R4d7 32. Rb7 Rxb7 33. Bxb7 Nf8 34. Bc6 Rd4 35. Kg3
Rg4+ 36. Kh3 Ne6 37. Bd7 Nf4+ 38. Kh2 Rg2+ 39. Kh1 Rb2 40. Be8
Kf8 41. Rxf7+ Kxe8 42. Rxf4 Ke7 43. Rf6 Rb4 1/2-1/2

[Event "Bled Olympiad"]
[Site "Bled SLO"]
[Date "2002.11.02"]
[EventDate "2002.10.26"]
[Round "8"]
[Result "1-0"]
[White "Florentino Garmendez"]
[Black "Sven P Zeidler"]
[WhiteElo "2408"]
[BlackElo "2275"]
[PlyCount "147"]

1. e4 d5 2. e5 c5 3. c3 d4 4. Bc4 Nc6 5. Qe2 e6 6. Nf3 a6
7. a4 Nge7 8. O-O Ng6 9. d3 Be7 10. Na3 Rb8 11. Rd1 O-O
12. Nc2 b5 13. axb5 axb5 14. Ba2 Bb7 15. cxd4 Nxd4 16. Nfxd4
cxd4 17. f4 Nh4 18. Ne1 Qd7 19. Bd2 Rfc8 20. Rdc1 Rxc1
21. Rxc1 Rc8 22. Qd1 Ba8 23. Bb3 Qb7 24. Rxc8+ Qxc8 25. Qc2
Qb7 26. Ba5 g5 27. fxg5 Bxg5 28. Bb4 Qc6 29. Qxc6 Bxc6 30. Bd1
Ng6 31. Bd6 Bf4 32. Bf3 Bxf3 33. Nxf3 f6 34. g3 Nxe5 35. Bxe5
Bxe5 36. g4 Bf4 37. Kg2 e5 38. Ng1 Kf7 39. Ne2 Be3 40. Kf3 Kg6
41. h4 Bd2 42. Ng3 Kf7 43. Ke4 Ke6 44. Nf5 Be1 45. h5 Bd2
46. Ng7+ Kf7 47. Nf5 Ke6 48. Ng3 Bc1 49. b3 Bf4 50. Nf5 Bd2
51. Ng7+ Kf7 52. Nf5 Ke6 53. Nh4 Kd6 54. Nf3 Bg5 55. b4 Ke6
56. Ne1 Bd2 57. Nc2 Bc1 58. Na1 Ba3 59. Nc2 Bb2 60. Ne1 Bc3
61. Nc2 Bb2 62. Ne1 Bc3 63. Nc2 Kd6 64. Kf5 Kd5 65. Na3 e4
66. dxe4+ Kc6 67. Nb1 Bxb4 68. Kxf6 d3 69. e5 d2 70. Nxd2 Bxd2
71. e6 b4 72. e7 Bg5+ 73. Kxg5 Kd7 74. Kf6 1-0

[Event "Bled Olympiad"]
[Site "Bled SLO"]
[Date "2002.11.02"]
[EventDate "2002.10.26"]
[Round "8"]
[Result "1-0"]
[White "Jure Borisek"]
[Black "Esam Aly Ahmed"]
[WhiteElo "2401"]
[BlackElo "2394"]
[PlyCount "75"]

1. e4 c5 2. Nf3 e6 3. d4 cxd4 4. Nxd4 Nf6 5. Nc3 d6 6. Be3 a6
7. f3 Qc7 8. Qd2 b5 9. O-O-O Nbd7 10. g4 Nb6 11. Ndxb5 axb5
12. Nxb5 Qb8 13. Nxd6+ Bxd6 14. Qxd6 Qxd6 15. Rxd6 Nbd7
16. Kb1 Ke7 17. Rd2 h6 18. Be2 Ba6 19. c4 Rac8 20. b3 Ne5
21. Rhd1 Rhd8 22. Rxd8 Rxd8 23. Rxd8 Kxd8 24. Kc2 g5 25. a4
Nfd7 26. Kc3 f5 27. exf5 exf5 28. gxf5 Bb7 29. f4 Nf7 30. Bh5
Nd6 31. fxg5 hxg5 32. Bxg5+ Kc8 33. h4 Nxf5 34. Bg4 Nd6
35. Kd4 Ne4 36. b4 Kc7 37. a5 Nf8 38. Bf5 1-0

[Event "Bled Olympiad"]
[Site "Bled SLO"]
[Date "2002.11.02"]
[EventDate "2002.10.26"]
[Round "8"]
[Result "1/2-1/2"]
[White "Luka Lenic"]
[Black "Ibrahim Hasan Labib"]
[WhiteElo "2257"]
[BlackElo "2432"]
[PlyCount "40"]

1. e4 e6 2. d3 d5 3. Nd2 c5 4. g3 Nc6 5. Bg2 Nf6 6. Ngf3 Be7
7. O-O O-O 8. Re1 Bd7 9. e5 Ne8 10. Nf1 Nc7 11. c3 b5 12. Bf4
a5 13. h4 c4 14. h5 cxd3 15. Ne3 g6 16. Nf1 h6 17. Ne3 Na6
18. Ng4 b4 19. Qxd3 Nc5 20. Qd2 bxc3 1/2-1/2

[Event "Bled Olympiad"]
[Site "Bled SLO"]
[Date "2002.11.02"]
[EventDate "2002.10.26"]
[Round "8"]
[Result "1/2-1/2"]
[White "Imed Abdelnabbi"]
[Black "Matej Sebenik"]
[WhiteElo "2412"]
[BlackElo "2414"]
[PlyCount "73"]

1. Nf3 c5 2. g3 g6 3. Bg2 Bg7 4. c4 Nc6 5. Nc3 e5 6. O-O Nge7
7. Ne1 O-O 8. Nc2 d6 9. Ne3 Be6 10. a3 Qd7 11. Re1 Rab8
12. Ned5 Bh3 13. Bh1 Nxd5 14. Nxd5 Ne7 15. Nxe7+ Qxe7 16. d3
b5 17. Bd5 Be6 18. a4 bxc4 19. dxc4 e4 20. Ra2 Bd4 21. e3 Bxd5
22. exd4 Bxc4 23. Ra3 Qe6 24. dxc5 dxc5 25. Qc2 Rfd8 26. Bf4
Rbc8 27. Rae3 Bd3 28. Qc3 Rd4 29. f3 Rc4 30. Qb3 Rb4 31. Qxe6
fxe6 32. fxe4 c4 33. Be5 Rxa4 34. h4 Ra5 35. Bc3 Rb5 36. Ra1
Rc7 37. Ra6 1/2-1/2

[Event "Bled Olympiad"]
[Site "Bled SLO"]
[Date "2002.11.02"]
[EventDate "2002.10.26"]
[Round "8"]
[Result "0-1"]
[White "Saad Belouadah"]
[Black "Bernardo Roselli Mailhe"]
[WhiteElo "2345"]
[BlackElo "2446"]
[PlyCount "90"]

1. Nf3 Nf6 2. d4 g6 3. g3 Bg7 4. Bg2 O-O 5. O-O d6 6. c4 Nc6
7. Nc3 a6 8. h3 Rb8 9. a4 a5 10. e4 e5 11. Be3 Nd7 12. Re1
exd4 13. Nxd4 Nc5 14. Ra3 Bd7 15. Nd5 Ne5 16. Qc2 c6 17. Nf4
Re8 18. Nfe2 Bc8 19. g4 Na6 20. Ng3 Nb4 21. Qe2 b6 22. f4 Nd7
23. Qd2 Ba6 24. Rc3 Nc5 25. b3 Bb7 26. Bf2 Qd7 27. Re2 Re7
28. Rce3 Rbe8 29. Kh2 d5 30. cxd5 cxd5 31. e5 Ba6 32. Re1 Nbd3
33. Bf1 Nxe1 34. Bxa6 Nxa6 35. Nb5 f6 36. Nd6 Rd8 37. Rxe1
fxe5 38. fxe5 Qe6 39. Bd4 Nc5 40. Qe3 Nd7 41. Bxb6 Nxb6
42. Qxb6 Rf8 43. Qc5 Bxe5 44. Rxe5 Qxe5 45. h4 Rf3 0-1

[Event "Bled Olympiad"]
[Site "Bled SLO"]
[Date "2002.11.02"]
[EventDate "2002.10.26"]
[Round "8"]
[Result "1-0"]
[White "Luis Valenzuela Fuentealba"]
[Black "Veselin Georgiev"]
[WhiteElo "2423"]
[BlackElo "2310"]
[PlyCount "137"]

1. d4 Nf6 2. c4 g6 3. Nf3 Bg7 4. Nc3 O-O 5. Bf4 d6 6. h3 Nfd7
7. e3 e5 8. Bh2 Nc6 9. Be2 Re8 10. O-O Nf8 11. a3 h6 12. Rc1
exd4 13. exd4 Nh7 14. d5 Ne7 15. Qd2 Nf5 16. Rfe1 Ng5 17. Nxg5
hxg5 18. Bd3 Rxe1+ 19. Rxe1 Nd4 20. Qe3 Bf5 21. Ne4 Bxe4
22. Qxe4 Nb3 23. Qf3 Nc5 24. b4 Nxd3 25. Qxd3 a5 26. g4 axb4
27. axb4 b6 28. Kg2 Ra4 29. Qb3 Qd7 30. Re4 b5 31. cxb5 Qxb5
32. Qc4 Qxc4 33. Rxc4 Ra7 34. Kf3 Kf8 35. Bg3 Ke7 36. h4 gxh4
37. Bxh4+ Kd7 38. Rf4 Ke8 39. Re4+ Be5 40. Bf6 Ra3+ 41. Ke2
Kd7 42. Bxe5 dxe5 43. Rxe5 Rb3 44. Re4 Kd6 45. Rf4 Kxd5 46. g5
Ke6 47. Kf1 Rc3 48. Kg2 c5 49. Rf6+ Ke7 50. b5 Rb3 51. b6 c4
52. Kf1 Rb2 53. Ke1 Kf8 54. Kd1 c3 55. Kc1 Kg7 56. f4 Rf2
57. Kb1 Rb2+ 58. Kc1 Rf2 59. Rc6 Rxf4 60. b7 Rb4 61. Rc7 Rb2
62. Rd7 Rb5 63. Kc2 Rb2+ 64. Kxc3 Rb1 65. Kc4 Rc1+ 66. Kd5 Rb1
67. Kc6 Rc1+ 68. Kd6 Rb1 69. Kc7 1-0

[Event "Bled Olympiad"]
[Site "Bled SLO"]
[Date "2002.11.02"]
[EventDate "2002.10.26"]
[Round "8"]
[Result "1/2-1/2"]
[White "Valery Grechihin"]
[Black "Ivan Morovic-Fernandez"]
[WhiteElo "2543"]
[BlackElo "2549"]
[PlyCount "63"]

1. c4 Nf6 2. Nc3 e5 3. Nf3 Nc6 4. e3 Be7 5. a3 O-O 6. Qc2 Re8
7. d3 a5 8. Be2 Bc5 9. O-O d6 10. Qd1 Bg4 11. h3 Bh5 12. Bd2
e4 13. Nxe4 Nxe4 14. dxe4 Bg6 15. Bd3 Bxe4 16. Bxe4 Rxe4
17. Qc2 Re8 18. Bc3 a4 19. Rad1 Qe7 20. Rd5 h6 21. Rfd1 Qe4
22. Qe2 Ne7 23. R5d2 Nc6 24. Rd5 Ne7 25. R5d2 Nf5 26. Qd3 Qxd3
27. Rxd3 Re4 28. Bd4 Nxd4 29. Nxd4 Bb6 30. f3 Re5 31. Kf1 f5
32. f4 1/2-1/2

[Event "Bled Olympiad"]
[Site "Bled SLO"]
[Date "2002.11.02"]
[EventDate "2002.10.26"]
[Round "8"]
[Result "1/2-1/2"]
[White "Dashzeveg Sharavdorj"]
[Black "Amon Simutowe"]
[WhiteElo "2418"]
[BlackElo "2383"]
[PlyCount "201"]

1. d4 d5 2. Nf3 Nf6 3. c4 c6 4. Nc3 dxc4 5. a4 Bf5 6. Ne5 Na6
7. e3 Nb4 8. Bxc4 e6 9. O-O a5 10. Qe2 Bg6 11. Nxg6 hxg6
12. Rd1 Qc7 13. h3 Be7 14. e4 O-O 15. Be3 Rfd8 16. Rac1 Rac8
17. Bb3 Qb8 18. f4 Rd7 19. Rd2 Bd8 20. Rcd1 Bb6 21. g4 g5
22. e5 gxf4 23. Bxf4 Nfd5 24. Bg3 c5 25. dxc5 Bxc5+ 26. Kh2
Nxc3 27. bxc3 Rxd2 28. Rxd2 Nc6 29. Qe4 Rd8 30. Re2 Qc7 31. h4
Ne7 32. Bc2 Qc6 33. h5 Qxe4 34. Bxe4 Nd5 35. Rd2 Be7 36. Bxd5
exd5 37. Rb2 d4 38. cxd4 Rxd4 39. Rxb7 Bg5 40. Rb5 Bd2 41. g5
Rxa4 42. g6 fxg6 43. e6 Rb4 44. Rd5 Rb2 45. Kh3 Kf8 46. Bd6+
Ke8 47. Rc5 Rb3+ 48. Kg2 Rc3 49. Rb5 Rc8 50. hxg6 Bb4 51. Be5
Rc6 52. Bxg7 Rxe6 53. Rg5 Bf8 54. Bd4 a4 55. g7 Bxg7 56. Rxg7
Ra6 57. Kf3 a3 58. Rg1 a2 59. Ra1 Kd7 60. Ke4 Kc6 61. Kd3 Kd5
62. Bb2 Ra8 63. Kc3 Rc8+ 64. Kb3 Rb8+ 65. Kxa2 Kc4 66. Rc1+
Kd3 67. Kb1 Rg8 68. Rd1+ Kc4 69. Rd4+ Kb3 70. Rd3+ Kc4
71. Rc3+ Kb4 72. Rh3 Rg4 73. Ka2 Re4 74. Bc3+ Ka4 75. Rd3 Re2+
76. Bd2 Kb5 77. Kb3 Re4 78. Rd5+ Kc6 79. Rh5 Rg4 80. Kc3 Re4
81. Kd3 Rg4 82. Be3 Rb4 83. Bd4 Rb1 84. Kc4 Rc1+ 85. Bc3 Rd1
86. Rc5+ Kd6 87. Ra5 Ke6 88. Ra6+ Rd6 89. Ra1 Rc6+ 90. Kd4
Rd6+ 91. Ke4 Rc6 92. Bd4 Rd6 93. Rh1 Rc6 94. Rh7 Rd6 95. Bc5
Rc6 96. Kd4 Rc8 97. Re7+ Kf6 98. Rd7 Ke6 99. Rd6+ Kf5 100. Kd5
Ra8 101. Rd7 1/2-1/2

[Event "Bled Olympiad"]
[Site "Bled SLO"]
[Date "2002.11.02"]
[EventDate "2002.10.26"]
[Round "8"]
[Result "1/2-1/2"]
[White "Slim Belkhodja"]
[Black "Ramon Mateo"]
[WhiteElo "2497"]
[BlackElo "2420"]
[PlyCount "162"]

1. e4 c5 2. Nf3 e6 3. d4 cxd4 4. Nxd4 a6 5. Bd3 Nf6 6. O-O d6
7. f4 Nbd7 8. Kh1 Qc7 9. b3 Be7 10. Bb2 b6 11. Nd2 Bb7 12. Qe2
O-O 13. Rae1 g6 14. e5 dxe5 15. fxe5 Nh5 16. Be4 Bh4 17. Bxb7
Qxb7 18. Rd1 b5 19. Qg4 Bd8 20. Nxe6 fxe6 21. Qxe6+ Kg7
22. Qxd7+ Qxd7 23. e6+ Bf6 24. Bxf6+ Nxf6 25. exd7 Nxd7
26. Nf3 Nc5 27. Rd5 Rac8 28. Re1 Rf5 29. Rd4 Rc7 30. h4 h6
31. Kg1 Rf6 32. Rd2 Ne6 33. Ne5 Nf4 34. g3 Nh5 35. Kg2 Re6
36. Nd3 Rec6 37. Ree2 Rc3 38. g4 Nf6 39. Nf4 Kf7 40. g5 hxg5
41. hxg5 Nh5 42. Nd5 Rg3+ 43. Kh2 Rd7 44. Rf2+ Kg7 45. Nf4
Rxd2 46. Ne6+ Kg8 47. Rxd2 Re3 48. Nc7 Re5 49. Nxa6 Rxg5
50. Rg2 Rxg2+ 51. Kxg2 Nf4+ 52. Kf3 Nd5 53. a3 Kf7 54. Nb4 Nc3
55. Ke3 Nb1 56. a4 bxa4 57. bxa4 Ke7 58. Kd4 Kd7 59. Kc5 Kc7
60. a5 g5 61. a6 Nc3 62. Kc4 Ne4 63. Kd4 Nd6 64. c4 g4 65. c5
Nb5+ 66. Ke4 Nc3+ 67. Kf4 g3 68. Kf3 Ne4 69. Nd5+ Kb8 70. c6
Ka7 71. Kxe4 g2 72. c7 g1=Q 73. c8=Q Qg6+ 74. Ke5 Qxa6
75. Qc5+ Kb8 76. Nb4 Qa1+ 77. Kd5 Qh1+ 78. Kd6 Qh6+ 79. Kd7
Qh7+ 80. Ke6 Qg6+ 81. Kd5 Qf5+ 1/2-1/2

[Event "Bled Olympiad"]
[Site "Bled SLO"]
[Date "2002.11.02"]
[EventDate "2002.10.26"]
[Round "8"]
[Result "1-0"]
[White "Leonardo Valdes"]
[Black "Russell John Dive"]
[WhiteElo "2426"]
[BlackElo "2388"]
[PlyCount "129"]

1. Nf3 Nf6 2. g3 d5 3. Bg2 e6 4. O-O Be7 5. d3 O-O 6. Nbd2 b6
7. e4 dxe4 8. dxe4 Bb7 9. e5 Nfd7 10. Qe2 a5 11. Rd1 a4 12. a3
Qc8 13. Ne4 Nc6 14. Bf4 Rd8 15. h4 Ra5 16. Nc3 Qa8 17. Bh3 Nf8
18. h5 h6 19. Bg4 Qa6 20. Rxd8 Nxd8 21. Qxa6 Bxa6 22. Rd1 Nc6
23. Nd4 Nxd4 24. Rxd4 Bb5 25. Nxb5 Rxb5 26. Rxa4 Rxb2 27. Rc4
Bxa3 28. Be3 c5 29. Ra4 Bb4 30. c4 Rc2 31. Bf3 Rxc4 32. Bc6
Rc2 33. Ra7 Bd2 34. Bxd2 Rxd2 35. Be8 Rd8 36. Bxf7+ Kh8
37. Rb7 Rd7 38. Rxd7 Nxd7 39. f4 c4 40. Bxe6 c3 41. Bf5 Kg8
42. Kf2 Nc5 43. Ke3 b5 44. Kd4 Na4 45. Bc2 Nb6 46. Kxc3 Kf8
47. Bd3 Nd5+ 48. Kd4 Ne7 49. g4 b4 50. Be4 Nc8 51. Kc4 Nb6+
52. Kxb4 Ke7 53. Kb5 Nd7 54. Bf5 Nf8 55. Kc6 Ke8 56. Kd6 Kf7
57. g5 hxg5 58. fxg5 Ke8 59. h6 gxh6 60. gxh6 Kf7 61. Be4 Kg8
62. Ke7 Kh8 63. Bb1 Kg8 64. Ba2+ Kh8 65. Kxf8 1-0

[Event "Bled Olympiad"]
[Site "Bled SLO"]
[Date "2002.11.02"]
[EventDate "2002.10.26"]
[Round "8"]
[Result "1-0"]
[White "Alejandro Ramirez Alvarez"]
[Black "Scott Wastney"]
[WhiteElo "2421"]
[BlackElo "2266"]
[PlyCount "75"]

1. d4 d5 2. c4 dxc4 3. e3 Nf6 4. Bxc4 g6 5. Nf3 Bg7 6. O-O O-O
7. Nc3 Nfd7 8. Qe2 Nb6 9. Bb3 a5 10. a4 Nc6 11. Rd1 Bg4 12. h3
Bxf3 13. Qxf3 Qc8 14. Nb5 Nb4 15. e4 c6 16. Nc3 Kh8 17. Qe2 f5
18. Bg5 e5 19. dxe5 Bxe5 20. f4 Bg7 21. e5 Qc7 22. Rac1 Nd7
23. Qf2 b6 24. Rd6 Nc5 25. Bc4 Rae8 26. Qh4 Qc8 27. Rxg6 Ne6
28. Be7 Rxe7 29. Qxe7 Re8 30. Qh4 Qd8 31. Rxe6 Qxh4 32. Rxe8+
Bf8 33. Rxf8+ Kg7 34. Rg8+ Kh6 35. Rd1 Nd5 36. Nxd5 cxd5
37. Rxd5 Qe1+ 38. Kh2 1-0

[Event "Bled Olympiad"]
[Site "Bled SLO"]
[Date "2002.11.02"]
[EventDate "2002.10.26"]
[Round "8"]
[Result "1-0"]
[White "Wu Shaobin"]
[Black "Piotr Dukaczewski"]
[WhiteElo "2544"]
[BlackElo "2342"]
[PlyCount "107"]

1. d4 Nf6 2. c4 g6 3. Nc3 Bg7 4. e4 d6 5. Be2 O-O 6. Be3 e5
7. d5 a5 8. Nf3 Na6 9. Nd2 Bd7 10. g4 Qc8 11. Rg1 c6 12. g5
Ne8 13. Na4 Qd8 14. Bb6 Qb8 15. Bxa5 cxd5 16. Nb6 Nc5 17. Bb4
Qd8 18. Nxd5 f5 19. f3 fxe4 20. Nxe4 Nxe4 21. fxe4 Rf7 22. a3
Be6 23. Qd3 Bxd5 24. Qxd5 Nc7 25. Qxd6 Qxd6 26. Bxd6 Ne6
27. c5 Rf4 28. Bd3 Rc8 29. b4 Nd4 30. Rf1 Nf3+ 31. Ke2 Nd4+
32. Ke3 Rh4 33. Bc4+ Kh8 34. Rf2 b5 35. Bd5 h6 36. Rg1 hxg5
37. Kd3 g4 38. Rg3 Nf3 39. a4 bxa4 40. b5 Bf8 41. Bxf8 Rxf8
42. Kc4 a3 43. c6 Rc8 44. b6 Rh7 45. Rxg4 Nd4 46. Rxg6 Rb7
47. Kc5 Nxc6 48. Bxc6 Kh7 49. Rg3 Re7 50. Rfg2 Re6 51. Rh3+
Rh6 52. Rxh6+ Kxh6 53. b7 Rd8 54. Bd5 1-0

[Event "Bled Olympiad"]
[Site "Bled SLO"]
[Date "2002.11.02"]
[EventDate "2002.10.26"]
[Round "8"]
[Result "1/2-1/2"]
[White "Kai Bjerring"]
[Black "Meng-Kong Wong"]
[WhiteElo "2265"]
[BlackElo "2496"]
[PlyCount "121"]

1. e4 e6 2. d4 d5 3. exd5 exd5 4. c4 Nf6 5. Nf3 Be7 6. Be2 O-O
7. O-O Nbd7 8. Nc3 dxc4 9. Bxc4 Nb6 10. Bb3 c6 11. Ne5 Nbd5
12. Qf3 Be6 13. Bg5 Nc7 14. Ne2 Bd5 15. Bxd5 Nfxd5 16. Bxe7
Qxe7 17. Nd3 Ne6 18. Rad1 Rad8 19. Rfe1 Nb4 20. Nxb4 Qxb4
21. a3 Qc4 22. h3 Rd7 23. b3 Qb5 24. Qd3 Qb6 25. b4 Rfd8
26. Qe4 g6 27. Rd3 a5 28. bxa5 Qxa5 29. Rc1 Qb5 30. Qe3 Qa6
31. Rcd1 Rd6 32. Nc3 Nc5 33. R3d2 Nb3 34. Ne4 Nxd2 35. Nxd6
Nc4 36. Nxc4 Qxc4 37. Qe7 Rd5 38. Qb4 Qxb4 39. axb4 b6 40. Kf1
c5 41. bxc5 bxc5 42. Ke2 cxd4 43. Kd3 f5 44. Kc4 Re5 45. Kxd4
Re2 46. Rf1 f4 47. Kd3 f3 48. gxf3 Re7 49. Rg1 Kg7 50. Rg4 Re1
51. h4 Kh6 52. f4 Kh5 53. f3 h6 54. Kd4 Re2 55. Kd3 Rh2
56. Ke4 Rxh4 57. Rxh4+ Kxh4 58. f5 gxf5+ 59. Kxf5 Kg3 60. Kg6
Kxf3 61. Kxh6 1/2-1/2

[Event "Bled Olympiad"]
[Site "Bled SLO"]
[Date "2002.11.04"]
[EventDate "2002.10.26"]
[Round "9"]
[Result "0-1"]
[White "Faruk Bistric"]
[Black "Mikhael Mchedlishvili"]
[WhiteElo "2484"]
[BlackElo "2551"]
[PlyCount "133"]

1. d4 Nf6 2. Nf3 e6 3. Bf4 c5 4. e3 Nc6 5. Nbd2 d5 6. c3 Bd6
7. Bg3 Qe7 8. Ne5 O-O 9. Bd3 Nd7 10. O-O Ndxe5 11. dxe5 Bxe5
12. Bxe5 Nxe5 13. Bxh7+ Kxh7 14. Qh5+ Kg8 15. Qxe5 f6 16. Qg3
e5 17. e4 Be6 18. f4 exf4 19. Rxf4 Rad8 20. Re1 Qd6 21. Rxf6
Qxg3 22. Rxf8+ Kxf8 23. hxg3 dxe4 24. Nxe4 Bxa2 25. Nxc5 Rd2
26. Rf1+ Ke7 27. Rf2 Rd1+ 28. Kh2 Bd5 29. Re2+ Kd6 30. Ne4+
Kc6 31. g4 a5 32. Ng3 g6 33. Rf2 Kc5 34. Nf1 Re1 35. Kg3 g5
36. Nd2 a4 37. Nf3 Re3 38. Rd2 a3 39. Kf2 axb2 40. Rxb2 Rxc3
41. Nxg5 b5 42. Nf3 b4 43. Kg3 b3 44. Kf4 Rc2 45. Rb1 Rxg2
46. Ne5 Kb4 47. Ke3 Kc3 48. Rc1+ Rc2 49. Rxc2+ Kxc2 50. Nd3
Bc4 51. Ne5 Be6 52. Nd3 Bxg4 53. Nb4+ Kc3 54. Nd5+ Kc4
55. Nb6+ Kb5 56. Nd5 Kc4 57. Nb6+ Kc5 58. Na4+ Kb4 59. Nb2 Kc3
60. Nd3 Bd1 61. Nc5 b2 62. Ne4+ Kc2 63. Nd2 Kc1 64. Kd3 Ba4
65. Ke2 Bb5+ 66. Ke3 Kc2 67. Kd4 0-1

[Event "Bled Olympiad"]
[Site "Bled SLO"]
[Date "2002.11.04"]
[EventDate "2002.10.26"]
[Round "9"]
[Result "0-1"]
[White "Zurab Sturua"]
[Black "Suat Atalik"]
[WhiteElo "2536"]
[BlackElo "2575"]
[PlyCount "28"]

1. Nf3 d5 2. d4 Nf6 3. c4 c6 4. Nc3 a6 5. c5 Nbd7 6. Bf4 Nh5
7. Be5 Nxe5 8. dxe5 Nf4 9. Qd2 Ng6 10. e4 e6 11. Na4 Bd7
12. Bd3 Qc7 13. Qc3 Nf4 14. O-O dxe4 0-1

[Event "Bled Olympiad"]
[Site "Bled SLO"]
[Date "2002.11.04"]
[EventDate "2002.10.26"]
[Round "9"]
[Result "0-1"]
[White "Baadur Jobava"]
[Black "Vitomir Arapovic"]
[WhiteElo "2570"]
[BlackElo "2438"]
[PlyCount "86"]

1. d4 d6 2. c4 e5 3. Nf3 e4 4. Nfd2 f5 5. e3 Nf6 6. Be2 g6
7. b4 Bg7 8. Bb2 c6 9. Nc3 O-O 10. Qc2 d5 11. b5 a6 12. bxc6
bxc6 13. Ba3 Rf7 14. O-O g5 15. Rfc1 Be6 16. cxd5 cxd5 17. Na4
Nbd7 18. Qc6 Qe8 19. Bd6 f4 20. exf4 e3 21. fxe3 Bg4 22. Bxg4
Qxe3+ 23. Kh1 Nxg4 24. Qxa8+ Nf8 25. Rf1 Bxd4 26. Nf3 Bxa1
27. Bxf8 Rxf8 28. Qxd5+ Kh8 29. Qc5 Bg7 30. h3 Qxf4 31. Nb6
Bd4 32. Qb4 a5 33. Qa3 Ne3 34. Rb1 g4 35. Ng5 Qf2 36. Rg1
Qxg1+ 37. Kxg1 Nc2+ 38. Kh2 Nxa3 39. Nd7 Rf5 40. Ne6 Rd5
41. Ndf8 Be5+ 42. Kg1 Bg3 43. Kf1 Re5 0-1

[Event "Bled Olympiad"]
[Site "Bled SLO"]
[Date "2002.11.04"]
[EventDate "2002.10.26"]
[Round "9"]
[Result "1/2-1/2"]
[White "Ramachandran Ramesh"]
[Black "Tomas Oral"]
[WhiteElo "2475"]
[BlackElo "2546"]
[PlyCount "85"]

1. e4 c5 2. Nf3 e6 3. d4 cxd4 4. Nxd4 a6 5. Bd3 Bc5 6. Nb3 Ba7
7. c4 Nc6 8. Nc3 Nge7 9. O-O d6 10. Qe2 O-O 11. Be3 e5
12. Bxa7 Rxa7 13. Qe3 Be6 14. Rfd1 Qb8 15. Be2 Rd8 16. Rd2 b5
17. cxb5 Bxb3 18. axb3 axb5 19. Rxa7 Nxa7 20. Qd3 Nec6
21. Nxb5 Nxb5 22. Qxb5 Nd4 23. Qxb8 Nxe2+ 24. Rxe2 Rxb8
25. Re3 Kf8 26. Kf1 Ke7 27. Ke2 Ke6 28. Rd3 g6 29. g4 f5
30. gxf5+ gxf5 31. exf5+ Kxf5 32. Rxd6 Rxb3 33. Rd2 Kf4
34. Kf1 h5 35. Rc2 e4 36. Kg1 h4 37. Kg2 Rb7 38. Kh3 Rb3+
39. Kxh4 Rb8 40. Kh5 Rh8+ 41. Kg6 Rxh2 42. b4 Kf3 43. Rc3+
1/2-1/2

[Event "Bled Olympiad"]
[Site "Bled SLO"]
[Date "2002.11.04"]
[EventDate "2002.10.26"]
[Round "9"]
[Result "1/2-1/2"]
[White "Thomas Luther"]
[Black "Tomasz Markowski"]
[WhiteElo "2538"]
[BlackElo "2549"]
[PlyCount "45"]

1. e4 c5 2. Nf3 e6 3. d4 cxd4 4. Nxd4 a6 5. c4 Nf6 6. Nc3 Bb4
7. Qc2 Qc7 8. a3 Bxc3+ 9. Qxc3 O-O 10. f3 d6 11. Be2 e5
12. Nc2 Be6 13. Bg5 Nbd7 14. Ne3 Rfc8 15. O-O b5 16. Rac1 bxc4
17. Bxc4 Qa7 18. Kh1 Nb6 19. Qd3 Nxc4 20. Nxc4 Qb8 21. Nxd6
Rd8 22. Rc6 Qxb2 23. Bxf6 1/2-1/2